| 000 | 01166nam a2200313 a 4500 | ||
|---|---|---|---|
| 001 | 000115638 | ||
| 003 | CHAP | ||
| 005 | 20220329144542.0 | ||
| 008 | 190617s2019 mx a sm |||||||spa d | ||
| 010 | _a112099 | ||
| 011 | _a113071 | ||
| 040 | _cCHAP | ||
| 090 | _aTesis | ||
| 100 | 1 |
_aCruz García, José Fernando de la. _9136134 |
|
| 245 | 1 | 0 |
_aRedes alimentarias y sus formas de intercambio para la seguridad alimentaria / _h[En línea] _cpor José Fernando de la Cruz García. |
| 260 |
_aChapingo, Méx. : _bEl autor, _c2019. |
||
| 500 | _aPara ver el contenido del material haga clic en la liga | ||
| 502 | _aTesis (Lic. en Redes Alimentarias) -- UACH. Centro Regional Universitario Oriente | ||
| 590 |
_aBATCH-UPD _b05 _c20190617 _lUCH01 _h1521 |
||
| 590 |
_aE8697GMM _b05 _c20190617 _lUCH01 _h1520 |
||
| 590 |
_aE8697GMM _b05 _c20190617 _lUCH01 _h1525 |
||
| 650 | 1 | 4 |
_aAlimentos _xAbastecimiento _xVeracruz. _94146 |
| 650 | 1 | 4 |
_aProductos agrícolas _xMercadeo. _991951 |
| 650 | 1 | 4 |
_aSoberanía alimentaria _zVeracruz. _9136135 |
| 856 |
_aFinding aid _uhttp://10.13.5.2/tesis/sist115638.pdf _zTeclea aquí |
||
| 901 | _aBK | ||
| 942 | _cTESIS | ||
| 942 | _n0 | ||
| 999 |
_c112099 _d112099 |
||